000 00593nam a2200241Ia 4500
005 20250425160658.0
008 250425s9999 xx 000 0 und d
020 _a8428108064
041 _aspa
082 _a380.14591
100 _aDE LA POZA LLEIDA, JOSE MARIA
245 0 _aESTRUCTURA INDUSTRIAL TURISTICA
250 _a1A ED.
260 _aBARCELONA
260 _aEspaƱa
_bOIKOS-TAU
_c1993
300 _a109
650 _aMERCADO TURISTICO
650 _aPROYECTOS DE DESARROLLO
650 _aTURISMO
650 _aTURISMO-ADMINISTRACION
942 _c01
010 _a2114
999 _c193958
_d193958